L'evolution mentale chez les animaux / (Record no. 163909)

MARC details
000 -LEADER
campo de control de longitud fija 00869nam a22002175i 4500
001 - NÚMERO DE CONTROL
campo de control 163909
003 - IDENTIFICADOR DE NÚMERO DE CONTROL
campo de control ES-MaACL
005 - FECHA Y HORA DE LA ÚLTIMA TRANSACCIÓN
campo de control 20250729081206.0
008 - DATOS DE LONGITUD FIJA--INFORMACIÓN GENERAL
campo de control de longitud fija 990701s1884 fr az |||| | fre d
040 ## - FUENTE DE CATALOGACIÓN
Centro catalogador/agencia de origen GA
Lengua de catalogación spa
Centro/agencia transcriptor CCPB | 3D
100 1# - ENTRADA PRINCIPAL--NOMBRE DE PERSONA
Nombre de persona Romanes, George John.
9 (RLIN) 132022
245 12 - MENCIÓN DEL TÍTULO
Título L'evolution mentale chez les animaux /
Mención de responsabilidad, etc. par George John Romanes ; suivi d'un essai posthume sur l'instinct par Charles Darwin ; traduction française par Henry C. de Varigny.
260 ## - PUBLICACIÓN, DISTRIBUCIÓN, ETC.
Lugar de publicación, distribución, etc. Paris :
Nombre del editor, distribuidor, etc. C. Reinwald,
Fecha de publicación, distribución, etc. 1884 (
Fabricante Typographie A. Hennuyer)
300 ## - DESCRIPCIÓN FÍSICA
Extensión XVI, 412 p., [1] h. pleg. ;
Dimensiones 24 cm.
650 04 - PUNTO DE ACCESO ADICIONAL DE MATERIA--TÉRMINO DE MATERIA
Término de materia o nombre geográfico como elemento de entrada Animales-
Subdivisión general Conducta.
9 (RLIN) 9833
650 #4 - PUNTO DE ACCESO ADICIONAL DE MATERIA--TÉRMINO DE MATERIA
Término de materia o nombre geográfico como elemento de entrada Animales-
Subdivisión general Inteligencia.
9 (RLIN) 147546
700 11 - ENTRADA AGREGADA--NOMBRE PERSONAL
Nombre de persona Darwin, Charles,
Fechas asociadas al nombre 1809-1882
9 (RLIN) 42770
700 1# - ENTRADA AGREGADA--NOMBRE PERSONAL
Nombre de persona Varigny, Henry Crosnier de (
Fechas asociadas al nombre 1855-1934?)
9 (RLIN) 157468
852 ## - LOCALIZACIÓN
Ubicación ES-MaACL
Número de control de estantería B-1667
Nota libre -- Enc. tela
Holdings
Estatus retirado Estado de pérdida Estado de daño No para préstamo Colección Biblioteca de origen Biblioteca actual Ubicación en estantería Fecha de adquisición Fuente de adquisición Total de préstamos Signatura topográfica completa Código de barras Visto por última vez Precio de reemplazo Tipo de ítem Koha
        Libros del s. XIX Biblioteca del Ateneo de Madrid Biblioteca del Ateneo de Madrid Sala Pardo Bazán 17/01/2008     B-1667 1171781 23/02/2023 23/02/2023 Libro impreso antiguo